L'Ouzbékistan pour les touristes... - Facile - Statistiques

Statistiques générales
  • Ce quiz a été pris 5 fois
  • Le résultat moyen est 10 sur 20
Statistiques - réponses
Question Indice Réponses Indice facile % Correct
La religion majoritaire est Islam I
100%
Quelle est la langue officielle ? Ouzbek
100%
Le principal aéroport est T Tachkent
100%
Dans la capitale quel est le décalage horaire avec Paris ? (+ ou - et chiffre) ex - 10 ou + 3,5 + 3
80%
Combien d'heures (environ) mettrez-vous pour vous y rendre ? (en chiffres) 7
80%
Quel est le climat local ? C Continental
80%
Quelles sont les principaux lieux touristiques ? A Mer d'{Aral} LARA
80%
Le suffixe internet est uz
60%
Code sur les plaques minéralogiques UZ
60%
Achats à faire 2/ Vêtements brodés de Boukhara UAKOHBRA
40%
Achats à faire 4/ Vin de Samarcande ARSEDCAMAN
40%
Quelles sont les principaux lieux touristiques ? S {Samarcande} CSNMAEDAAR
40%
Quelles sont les principaux lieux touristiques ? K Col de {Kamchik} MHKAIKC
20%
Quel est le régime du pays ? R S République semi-présidentielle
20%
Quelle est la monnaie ? Sum S
20%
Comment se nomme la principale compagnie aérienne locale U A Uzbekistan Airways RUWASISIKZTYEANBA
20%
Quelles sont les principaux lieux touristiques ? F Vallée du {Ferghana} RAHNGAEF
20%
Quelles sont les principaux lieux touristiques ? N Forteresse de {Nourata} TUORNAA
0%
Achats à faire 3/ Couteau traditionnel Pichok IHPCOK
0%
Achats à faire 1/ Céramique de Rishtan ATHRNSI
0%
Aucun quiz correspondant
Distribution des résultats
% des personnes avec chaque résultat
Percentile par nombre de réponses
Votre historique - résultats
Vous n’avez pas pris ce quiz